000 00713nam a2200253Ia 4500
003 OSt
005 20220926024651.0
006 a|||||r|||| 00| 0
007 ta
008 220923b |||||||| |||| 00| 0 eng d
020 _a0198229909
037 _cGeneral Book
040 _aRTL
_cRTL
_beng
041 _2eng
_aeng
082 _aY73(Q5).55.N4, M9
100 _aMosse W E
_9105991
245 0 _aGerman-Jewish economic elite 1820-1935
_b A socio-culture profile
260 _aOxford
_bCalrendon Press
_c1989
300 _axi,369p
_ccm.
500 _aBibliography: P 357
650 _aHindus
942 _hY73(Q5).55.N4, M9
_cGB
_2CC
999 _c645168
_d645168